000 00739nam0a22002411 4500
001 rc\866675
005 20250622023327.0
035 _a(NLR Aleph) 006045581
090 _a4750292
_c4750292
100 _a20041129d1984 |||y0rusy50 ca
101 0 _arus
102 _aRU
105 _ay |||||||||
200 1 _aСоциалистическое соревнование: вопросы теории и анализ опыта
210 _aМ.
_cМол. гвардия
_d1984
215 _a225 с.
_d20
320 _aБиблиогр.: с. 219-224
700 1 _aСтуров
_bМ.В.
_gМихаил Владимирович
801 0 _aRU
_bNLR
_gpsbo
801 1 _aRU
_bELAR
_2rusmarc
852 _aNLR
_j84-3/9977
942 _cBOOK
980 _aNB